000 00319 a2200157 4500
001 192177
020 _a
040 _cMagnum
100 _aCoelho, Paulo
240 1 0 _aO livro dos manuais
_lpor
245 1 0 _aO livro dos manuais
300 _a111
362 0 _a2008
697 _aLITERATURA JUVENIL
942 _cBK
999 _c192177
_d192177